[Event "HUN-chT Csongrad Region"]
[Site "Hungary"]
[Date "2015.09.27"]
[Round "2.3"]
[White "Nagy, Viktor"]
[Black "Gabor, Geza"]
[Result "1-0"]
[WhiteElo "1768"]
[BlackElo "1695"]
[PlyCount "69"]
[EventDate "2015.09.20"]
[EventType "team-tourn"]
[EventRounds "9"]
[EventCountry "HUN"]
[SourceTitle "EXT 2017"]
[Source "ChessBase"]
[SourceDate "2016.10.25"]
[SourceVersion "1"]
[SourceVersionDate "2016.10.25"]
[SourceQuality "1"]

1. e4 e5 2. Nf3 Nc6 3. d4 exd4 4. Nxd4 Qh4 5. Nb5 Bc5 6. Qe2 Bb6 7. Be3 Ba5+ 8. c3 a6 9. Nd4 Qxe4 10. Nxc6 dxc6 11. Nd2 Qe7 12. Nc4 Bb6 13. Bxb6 cxb6 14. Nxb6 Rb8 15. 0-0-0 Be6 16. Qe5 Rd8 17. Bc4 Nf6 18. Rxd8+ Qxd8 19. Bxe6 0-0 20. Nc4 fxe6 21. Qxe6+ Kh8 22. Rd1 Nd5 23. Nd6 Qc7 24. g3 h6 25. c4 Nf6 26. f4 b5 27. Kb1 bxc4 28. Qxc4 Qb6 29. Nf7+ Kh7 30. Ne5 Rc8 31. Qe6 Rc7 32. Qf5+ Kh8 33. Rd8+ Ng8 34. Ng6+ Kh7 35. Nf8+ 1-0

[Event "HUN-chT2 Toth 1516"]
[Site "Hungary"]
[Date "2015.09.26"]
[Round "2.12"]
[White "Perdi, Zsombor"]
[Black "Nagy, Viktor"]
[Result "1-0"]
[WhiteElo "1745"]
[BlackElo "1713"]
[PlyCount "85"]
[EventDate "2015.09.13"]
[EventType "team-tourn"]
[EventRounds "11"]
[EventCountry "HUN"]
[SourceTitle "CBM 170 Extra"]
[Source "ChessBase"]
[SourceDate "2016.02.25"]
[SourceVersion "1"]
[SourceVersionDate "2016.02.25"]
[SourceQuality "1"]
[WhiteTeam "Bekes"]
[BlackTeam "Szentes Integral"]
[WhiteTeamCountry "HUN"]
[BlackTeamCountry "HUN"]

1. d4 f5 2. c4 Nf6 3. Nc3 g6 4. Nf3 Bg7 5. Bg5 h6 6. Bxf6 exf6 7. e3 0-0 8. Qb3 Kh7 9. Bd3 d6 10. 0-0-0 b6 11. Nh4 Bb7 12. Rhg1 Be4 13. Nxe4 fxe4 14. Bxe4 f5 15. Bxa8 Qxh4 16. g3 Qxh2 17. Bg2 Qh5 18. Qc2 Qg5 19. Bh3 Re8 20. g4 f4 21. e4 Nc6 22. Qa4 b5 23. cxb5 f3+ 24. Kb1 Qh4 25. bxc6 Qxh3 26. Qc2 Qh4 27. Rg3 Rf8 28. Qd3 Qf6 29. Qe3 Qf4 30. Rd3 Qxe3 31. Rxe3 Bxd4 32. Rexf3 Re8 33. Rf7+ Kg8 34. Rxc7 Rxe4 35. Rb3 Bb6 36. Rd7 Re1+ 37. Kc2 Re2+ 38. Kd1 Rxf2 39. c7 Rf1+ 40. Ke2 Rf2+ 41. Ke1 Rf8 42. Rxb6 axb6 43. Rd8 1-0

[Event "HUN-chT2 Toth 1415"]
[Site "Hungary"]
[Date "2014.09.07"]
[Round "1.12"]
[White "Nagy, Viktor"]
[Black "Hos, Daniel Dominik"]
[Result "1-0"]
[WhiteElo "1650"]
[BlackElo "1667"]
[PlyCount "107"]
[EventDate "2014.09.07"]
[EventType "team-tourn"]
[EventRounds "11"]
[EventCountry "HUN"]
[SourceTitle "EXT 2016"]
[Source "ChessBase"]
[SourceDate "2015.10.08"]
[SourceVersion "1"]
[SourceVersionDate "2015.10.08"]
[SourceQuality "1"]
[WhiteTeam "Szentes"]
[BlackTeam "Roszke"]
[WhiteTeamCountry "HUN"]
[BlackTeamCountry "HUN"]

1. e4 e6 2. d4 d5 3. exd5 exd5 4. Bd3 Bd6 5. Be3 Nf6 6. h3 Nc6 7. c3 Qe7 8. Nf3 Bf4 9. 0-0 Bxe3 10. Re1 Bxf2+ 11. Kxf2 Ne4+ 12. Bxe4 dxe4 13. Nfd2 f5 14. Qb3 Qh4+ 15. Kf1 Qg3 16. Qc4 Ne7 17. Re2 Ng6 18. Na3 Nf4 19. Rf2 Be6 20. Qxc7 Qd3+ 21. Kg1 Ne2+ 22. Rxe2 Qxe2 23. Qd6 Qa6 24. Nb5 Qxd6 25. Nxd6+ Ke7 26. N2c4 Bxc4 27. Nxc4 Rac8 28. Ne5 Rhd8 29. Rd1 b5 30. Kf2 Rd5 31. Ke3 Rc7 32. g3 Ke6 33. g4 g6 34. g5 Kd6 35. h4 Re7 36. Kf4 Kc7 37. Rh1 b4 38. h5 Rexe5 39. dxe5 Rd3 40. Rf1 bxc3 41. bxc3 Rxc3 42. hxg6 hxg6 43. Rf2 a5 44. a4 Kd7 45. Rd2+ Ke7 46. e6 Rf3+ 47. Ke5 Rd3 48. Rh2 e3 49. Rh7+ Ke8 50. Kf6 Kd8 51. e7+ Kd7 52. Kf7 Kc7 53. e8Q Rd7+ 54. Kxg6 1-0

[Event "HUN-chT2 Toth 1314"]
[Site "Hungary"]
[Date "2014.04.13"]
[Round "10.11"]
[White "Miszler, Levente"]
[Black "Nagy, Viktor"]
[Result "1/2-1/2"]
[WhiteElo "1590"]
[BlackElo "1726"]
[PlyCount "132"]
[EventDate "2013.09.08"]
[EventType "team-tourn"]
[EventRounds "11"]
[EventCountry "HUN"]
[SourceTitle "EXT 2016"]
[Source "ChessBase"]
[SourceDate "2015.10.08"]
[SourceVersion "1"]
[SourceVersionDate "2015.10.08"]
[SourceQuality "1"]
[WhiteTeam "Toth Laszlo II"]
[BlackTeam "Szentes"]
[WhiteTeamCountry "HUN"]
[BlackTeamCountry "HUN"]

1. e4 g6 2. d4 Bg7 3. Nf3 e6 4. Nc3 Ne7 5. Bc4 0-0 6. 0-0 c6 7. Bf4 d5 8. exd5 exd5 9. Bd3 Bg4 10. Be2 Nd7 11. h3 Bxf3 12. Bxf3 Nf5 13. Be3 Nxe3 14. fxe3 Re8 15. Re1 Nb6 16. b3 c5 17. Qd2 cxd4 18. exd4 Qf6 19. Rxe8+ Rxe8 20. Rd1 Rd8 21. Qe3 Qc6 22. Rd3 Re8 23. Qd2 Rc8 24. Kf2 Bxd4+ 25. Rxd4 Qxc3 26. Qxc3 Rxc3 27. Rd2 Kf8 28. Re2 Rc5 29. Ke1 Nd7 30. Kd1 Nf6 31. Re5 b6 32. Kd2 d4 33. Re2 Nd5 34. Bxd5 Rxd5 35. Kd3 f5 36. Kc4 Rd7 37. Rd2 Ke7 38. Rxd4 Rxd4+ 39. Kxd4 Kd6 40. c4 g5 41. g3 h5 42. b4 a6 43. c5+ bxc5+ 44. bxc5+ Kc6 45. Ke5 g4 46. h4 Kxc5 47. Kxf5 Kd5 48. Kg5 Ke4 49. Kxh5 Kf3 50. Kg5 Kxg3 51. h5 Kf3 52. h6 g3 53. h7 g2 54. h8Q g1Q+ 55. Kf5 Qb1+ 56. Kg5 Qb5+ 57. Kg6 Qd3+ 58. Kf7 Qd7+ 59. Kg6 Qg4+ 60. Kf7 Qc4+ 61. Kg6 Qe4+ 62. Kf7 Qb7+ 63. Kg6 Qb1+ 64. Kg5 Qg1+ 65. Kf5 Qg4+ 66. Ke5 Qe4+ 1/2-1/2

[Event "HUN-chT2 Toth 1314"]
[Site "Hungary"]
[Date "2014.03.23"]
[Round "9.11"]
[White "Nagy, Viktor"]
[Black "Hos, Daniel Dominik"]
[Result "1/2-1/2"]
[WhiteElo "1726"]
[BlackElo "1653"]
[PlyCount "93"]
[EventDate "2013.09.08"]
[EventType "team-tourn"]
[EventRounds "11"]
[EventCountry "HUN"]
[SourceTitle "EXT 2016"]
[Source "ChessBase"]
[SourceDate "2015.10.08"]
[SourceVersion "1"]
[SourceVersionDate "2015.10.08"]
[SourceQuality "1"]
[WhiteTeam "Szentes"]
[BlackTeam "Roszke"]
[WhiteTeamCountry "HUN"]
[BlackTeamCountry "HUN"]

1. e4 e6 2. d4 d5 3. exd5 exd5 4. Bd3 Nc6 5. c3 g6 6. Bf4 Be6 7. Nf3 Bd6 8. Bxd6 Qxd6 9. Nbd2 Nge7 10. Qc2 Bf5 11. 0-0-0 0-0-0 12. Rde1 Bxd3 13. Qxd3 f6 14. Re2 Nf5 15. Rhe1 Ng7 16. Nb3 Rhe8 17. Nc5 Rxe2 18. Rxe2 Re8 19. Rxe8+ Nxe8 20. Qb5 Qf4+ 21. Kd1 Nd6 22. Qe2 Ne4 23. g3 Qf5 24. Nxe4 Qxe4 25. Qxe4 dxe4 26. Nd2 f5 27. f3 exf3 28. Nxf3 Kd7 29. Kd2 Ke7 30. Ke3 Kf6 31. h4 h6 32. Kf4 Ne7 33. c4 b5 34. b3 c6 35. Ne5 g5+ 36. hxg5+ hxg5+ 37. Kf3 bxc4 38. bxc4 Ke6 39. Nd3 Nc8 40. Nb4 Ne7 41. Nd3 Nc8 42. g4 Ne7 43. Nc5+ Kf6 44. Nd7+ Ke6 45. Nc5+ Kf6 46. Nd7+ Ke6 47. Nc5+ 1/2-1/2